Lo que sabe toda mujer que triunfa : (Registro nro. 25003)
[ vista simple ]
| 000 -LEADER | |
|---|---|
| fixed length control field | 01017nam a2200265 a 4500 |
| 001 - CONTROL NUMBER | |
| control field | 000271303 |
| 005 - DATE AND TIME OF LATEST TRANSACTION | |
| control field | 20250331185256.0 |
| 006 - FIXED-LENGTH DATA ELEMENTS--ADDITIONAL MATERIAL CHARACTERISTICS | |
| fixed length control field | a 000 0 |
| 008 - FIXED-LENGTH DATA ELEMENTS--GENERAL INFORMATION | |
| fixed length control field | 021005s2002 gr 000 0 spa d |
| 020 ## - INTERNATIONAL STANDARD BOOK NUMBER | |
| International Standard Book Number | 9580465193 |
| 040 ## - CATALOGING SOURCE | |
| Original cataloging agency | CO-CtgCURN |
| Language of cataloging | spa |
| Transcribing agency | coctgcurn |
| 082 04 - DEWEY DECIMAL CLASSIFICATION NUMBER | |
| Classification number | 658.409 |
| Item number | E461 |
| Edition information | 21 |
| 100 1# - MAIN ENTRY--PERSONAL NAME | |
| Personal name | Ellig, Janice Reals. |
| 245 13 - TITLE STATEMENT | |
| Title | Lo que sabe toda mujer que triunfa : |
| Remainder of title | 12 estrategias decisivas para acelerar su carrera y acceder a posiciones de poder / |
| Statement of responsibility, etc. | Janice Reals Ellig, William J. Morin ; tr. Affan Buitrago. |
| 260 ## - PUBLICATION, DISTRIBUTION, ETC. | |
| Place of publication, distribution, etc. | Bogotá : |
| Name of publisher, distributor, etc. | Norma, |
| Date of publication, distribution, etc. | 2002. |
| 300 ## - PHYSICAL DESCRIPTION | |
| Extent | 246 p. : |
| Other physical details | il., cuad. |
| 534 ## - ORIGINAL VERSION NOTE | |
| Main entry of original | Título original : |
| Title statement of original | What every successful woman knows 12 breakthrough strategies to get the power & ignite your career. |
| 650 17 - SUBJECT ADDED ENTRY--TOPICAL TERM | |
| Topical term or geographic name entry element | Mujeres. |
| Source of heading or term | LEMB |
| 650 17 - SUBJECT ADDED ENTRY--TOPICAL TERM | |
| Topical term or geographic name entry element | Aptitudes. |
| Source of heading or term | LEMB |
| 650 17 - SUBJECT ADDED ENTRY--TOPICAL TERM | |
| Topical term or geographic name entry element | Exito. |
| Source of heading or term | LEMB |
| 700 1# - ADDED ENTRY--PERSONAL NAME | |
| Personal name | Morin, William J. |
| 942 ## - ADDED ENTRY ELEMENTS (KOHA) | |
| Institution code [OBSOLETE] | MHC |
| -- | MHC |
| Koha item type | Libros |
| Classification part | 658.409 |
| Item part | E461 |
| Source of classification or shelving scheme | Dewey Decimal Classification |
| 991 ## - | |
| -- | MBH |
| Withdrawn status | Lost status | Source of classification or shelving scheme | Damaged status | Not for loan | Collection | Home library | Current library | Shelving location | Date acquired | Inventory number | Total checkouts | Full call number | Barcode | Date last seen | Price effective from | Koha item type | Public note |
|---|---|---|---|---|---|---|---|---|---|---|---|---|---|---|---|---|---|
| Dewey Decimal Classification | General | Miguel Henríquez Castañeda | Miguel Henríquez Castañeda | General | 03/31/2025 | 024024 | 658.409 E461 | 024024 | 03/31/2025 | 03/31/2025 | Libros | 650-ADMINS |